[Event "Aarhus Mesterskabet"]
[Site "Aarhus"]
[Date "1995.??.??"]
[Round "5"]
[White "Sobjerg, Erik"]
[Black "Pedersen, Nicolai Vesterbaek"]
[Result "1/2-1/2"]
[WhiteElo "2275"]
[BlackElo "2295"]
[PlyCount "120"]
[EventDate "1995.??.??"]
[EventType "tourn"]
[EventRounds "7"]
[EventCountry "DEN"]
[EventCategory "2"]
[SourceTitle "EXT 1997"]
[Source "ChessBase"]
[SourceDate "1996.11.15"]

1. e4 e5 2. Bc4 Nf6 3. d3 Nc6 4. Nc3 Na5 5. Nge2 Nxc4 6. dxc4 d6 7. O-O Be6 8.
b3 Be7 9. Ng3 c6 10. a4 O-O 11. Bb2 Qc7 12. Qe2 Rad8 13. Rad1 h6 14. Kh1 a6 15.
h3 Nd7 16. Nd5 cxd5 17. cxd5 Nc5 18. dxe6 fxe6 19. Qc4 Qc8 20. Nf5 Rf7 21.
Nxe7+ Rxe7 22. Bxe5 Qc6 23. f3 Rdd7 24. Bd4 b5 25. Qc3 Rc7 26. Bxc5 dxc5 27.
axb5 Qxb5 28. Rd8+ Kh7 29. Rfd1 c4 30. bxc4 Rxc4 31. Qd3 e5 32. Qd6 Qb7 33. Rd2
Qc7 34. Qxc7 Rexc7 35. Ra8 R7c6 36. Kh2 Kg6 37. Kg3 Kf6 38. Kh2 Rc3 39. Kg3
R3c4 40. Rf8+ Ke7 41. Ra8 Kf6 42. Ra7 Rxc2 43. Rdd7 g5 44. Rf7+ Kg6 45. Rg7+
Kh5 46. h4 gxh4+ 47. Kh3 Rc1 48. Kh2 Rf6 49. Rae7 Rc5 50. Kh3 a5 51. Rg4 Rf4
52. Rxe5+ Rxe5 53. Rxf4 a4 54. Rf8 Ra5 55. Rc8 a3 56. Rc1 a2 57. Ra1 Kg5 58.
Kh2 Kf4 59. Kh3 Kg5 60. Kh2 Kf4 1/2-1/2

[Event "Aarhus Mesterskabet"]
[Site "Aarhus"]
[Date "1995.??.??"]
[Round "5"]
[White "Sogaard, Soren"]
[Black "Pedersen, Jan"]
[Result "0-1"]
[WhiteElo "2270"]
[BlackElo "2340"]
[PlyCount "84"]
[EventDate "1995.??.??"]
[EventType "tourn"]
[EventRounds "7"]
[EventCountry "DEN"]
[EventCategory "2"]
[SourceTitle "EXT 1997"]
[Source "ChessBase"]
[SourceDate "1996.11.15"]

1. e4 c5 2. Nc3 Nc6 3. g3 g6 4. Bg2 Bg7 5. d3 d6 6. Be3 Rb8 7. Qd2 b5 8. Nf3
Nd4 9. O-O Bg4 10. Ne1 Qd7 11. Nd1 e5 12. c3 Be2 13. cxd4 Bxf1 14. Bxf1 cxd4
15. Bg5 h6 16. Bh4 g5 17. Bxg5 hxg5 18. Qxg5 Bh6 19. Qh5 Nf6 20. Qe2 Qg4 21.
Qc2 O-O 22. h3 Qe6 23. Nf3 d5 24. Nh4 dxe4 25. dxe4 Ne8 26. Be2 Nd6 27. Qd3 Bg5
28. Bg4 Qc4 29. Qf3 Bxh4 30. gxh4 f6 31. Kh2 Kf7 32. b3 Qc2 33. Bf5 Ke7 34. Bg6
Rbc8 35. h5 Qd2 36. Rb1 Rc2 37. a4 b4 38. Kg2 Rfc8 39. Bf5 Nxf5 40. exf5 Rg8+
41. Kf1 Qg5 42. Qb7+ Kf8 0-1

[Event "Aarhus Mesterskabet"]
[Site "Aarhus"]
[Date "1995.??.??"]
[Round "7"]
[White "Sogaard, Soren"]
[Black "Pedersen, Nicolai Vesterbaek"]
[Result "1/2-1/2"]
[WhiteElo "2270"]
[BlackElo "2295"]
[PlyCount "82"]
[EventDate "1995.??.??"]
[EventType "tourn"]
[EventRounds "7"]
[EventCountry "DEN"]
[EventCategory "2"]
[SourceTitle "EXT 1997"]
[Source "ChessBase"]
[SourceDate "1996.11.15"]

1. e4 e5 2. f4 exf4 3. Nf3 Be7 4. Bc4 Nf6 5. Nc3 Nxe4 6. O-O O-O 7. Nxe4 d5 8.
Bd3 dxe4 9. Bxe4 c5 10. c3 Nc6 11. d4 cxd4 12. cxd4 Bd6 13. Bd2 Qf6 14. Bc3 Bg4
15. Qd3 h6 16. Bxc6 bxc6 17. Ne5 Bxe5 18. dxe5 Qg5 19. Qd2 f3 20. Qxg5 hxg5 21.
gxf3 Be6 22. Kf2 g4 23. fxg4 Bxg4 24. Ke3 Rfe8 25. Rg1 Bf5 26. Kf4 g6 27. h4
Rad8 28. h5 Rd3 29. hxg6 fxg6 30. Rad1 Red8 31. Rxd3 Rxd3 32. Rh1 Rh3 33. Rd1
Rd3 34. Rxd3 Bxd3 35. e6 Bc4 36. Ke5 Bxa2 37. Bd4 a5 38. Bc5 g5 39. Kf6 g4 40.
Bd6 c5 41. Bxc5 g3 1/2-1/2

[Event "Aarhus Mesterskabet"]
[Site "Aarhus"]
[Date "1995.??.??"]
[Round "3"]
[White "Sogaard, Soren"]
[Black "Christensen, Jan"]
[Result "0-1"]
[WhiteElo "2270"]
[BlackElo "2240"]
[PlyCount "78"]
[EventDate "1995.??.??"]
[EventType "tourn"]
[EventRounds "7"]
[EventCountry "DEN"]
[EventCategory "2"]
[SourceTitle "EXT 1997"]
[Source "ChessBase"]
[SourceDate "1996.11.15"]

1. e4 e5 2. f4 d5 3. exd5 c6 4. Nc3 exf4 5. Nf3 Bd6 6. d4 Ne7 7. Bc4 O-O 8. O-O
Bg4 9. Qe1 b5 10. Bd3 Ng6 11. dxc6 b4 12. Be4 Re8 13. Qf2 bxc3 14. c7 Qxc7 15.
Bxa8 Nd7 16. Bd5 Nf6 17. Bb3 Ne4 18. Qe2 Re7 19. Qd3 Bxf3 20. gxf3 Ng5 21. bxc3
Qd7 22. Bd2 Qh3 23. Rf2 Nh4 24. Bd5 Nf5 25. Be4 Ne3 26. Bxe3 fxe3 27. Qxe3 Nxe4
28. Rg2 Nf6 29. Qg5 Ne8 30. Rf1 Qe6 31. Qa5 h6 32. Kh1 Nf6 33. a4 Nd5 34. Rfg1
g6 35. c4 Nf4 36. d5 Qc8 37. Rd2 Kh7 38. Qb5 Qh3 39. Qb3 Ne2 0-1

[Event "Aarhus Mesterskabet"]
[Site "Aarhus"]
[Date "1995.??.??"]
[Round "1"]
[White "Sogaard, Soren"]
[Black "Rewitz, Poul"]
[Result "0-1"]
[WhiteElo "2270"]
[BlackElo "2325"]
[PlyCount "48"]
[EventDate "1995.??.??"]
[EventType "tourn"]
[EventRounds "7"]
[EventCountry "DEN"]
[EventCategory "2"]
[SourceTitle "EXT 1997"]
[Source "ChessBase"]
[SourceDate "1996.11.15"]

1. e4 c6 2. d4 d5 3. e5 Na6 4. c3 Nc7 5. Bd3 g6 6. Ne2 Bg7 7. O-O h5 8. Nf4 Ne6
9. Nxg6 fxg6 10. Bxg6+ Kd7 11. Bxh5 Kc7 12. f4 Bh6 13. Bg4 Ng7 14. f5 Bxc1 15.
Qxc1 Nh6 16. Qg5 Ngxf5 17. Bxf5 Bxf5 18. Rxf5 Nxf5 19. Qxf5 Qg8 20. e6 Rf8 21.
Qe5+ Kc8 22. c4 Qg4 23. Nc3 Rfg8 24. g3 Qh3 0-1